[Event "RUS-ch Rapid Men 2018"]
[Site "Sochi"]
[Date "2018.10.06"]
[Round "10"]
[White "Sharafiev, Azat"]
[Black "Shcherbakov, Ruslan"]
[Result "1/2-1/2"]
[WhiteElo "2432"]
[BlackElo "2516"]
[Annotator "RC"]
[PlyCount "102"]
[EventDate "2018.10.05"]
[EventType "swiss"]
[EventCountry "RUS"]
[SourceTitle "playchess.com"]
[Source "ChessBase"]
[SourceQuality "1"]
[TimeControl "900+10"]

1. Nf3 {[%emt 0:00:00]} c5 {[%emt 0:00:00]} 2. c4 {[%emt 0:00:02]} g6 {[%emt 0:00:04]} 3. d4 {[%emt 0:00:19]} cxd4 {[%emt 0:00:04]} 4. Nxd4 {[%emt 0:00:02]} Nc6 {[%emt 0:00:05]} 5. e4 {[%emt 0:00:23]} Nf6 {[%emt 0:00:04]} 6. Nc3 {[%emt 0:00:01]} d6 {[%emt 0:00:02]} 7. Be2 {[%emt 0:00:30]} Nxd4 {[%emt 0:00:02]} 8. Qxd4 {[%emt 0:00:01]} Bg7 {[%emt 0:00:02]} 9. Be3 {[%emt 0:00:06]} O-O {[%emt 0:00:04]} 10. Qd2 {[%emt 0:00:01]} a5 {[%emt 0:00:03]} 11. O-O {[%emt 0:00:36]} a4 {[%emt 0:00:03]} 12. f3 {[%emt 0:00:07]} Qa5 {[%emt 0:00:02]} 13. Rab1 {[%emt 0:00:44]} Be6 {[%emt 0:00:19]} 14. Rfc1 {[%emt 0:00:02]} Rfc8 {[%emt 0:00:12]} 15. b4 {[%emt 0:00:06]} axb3 {[%emt 0:00:03]} 16. axb3 {[%emt 0:00:01]} Qb4 {[%emt 0:00:01]} 17. Nd5 {[%emt 0:03:20]} Qxd2 {[%emt 0:01:11]} 18. Bxd2 {[%emt 0:00:02]} Nxd5 {[%emt 0:01:40]} 19. cxd5 {[%emt 0:00:13]} Bd4+ {[%emt 0:00:30]} 20. Kf1 {[%emt 0:00:10]} Bd7 {[%emt 0:00:02]} 21. Rxc8+ {[%emt 0:00:39]} Rxc8 {[%emt 0:01:14]} 22. Rc1 {[%emt 0:00:07]} Rxc1+ {[%emt 0:00:19]} 23. Bxc1 {[%emt 0:00:01]} f5 {[%emt 0:00:02]} 24. Bd3 {[%emt 0:01:00]} fxe4 {[%emt 0:00:56]} 25. Bxe4 {[%emt 0:00:11]} Bb5+ {[%emt 0:00:20]} 26. Ke1 {[%emt 0:00:02]} Kf7 {[%emt 0:00:35]} 27. h4 {[%emt 0:00:29]} b6 {[%emt 0:01:03]} 28. g4 {[%emt 0:00:58]} h5 {[%emt 0:00:35]} 29. g5 {[%emt 0:01:15]} Bd7 {[%emt 0:01:34]} 30. Ke2 {[%emt 0:00:28]} e6 {[%emt 0:02:20]} 31. Be3 {[%emt 0:01:49]} Bc5 {[%emt 0:00:13]} 32. b4 {[%emt 0:00:50]} Bxb4 {[%emt 0:01:09]} 33. Bxb6 {[%emt 0:00:10]} exd5 {[%emt 0:00:11]} 34. Bxd5+ {[%emt 0:00:03]} Be6 {[%emt 0:00:09]} 35. Be4 {[%emt 0:01:30]} Bc4+ {[%emt 0:00:08]} 36. Kf2 {[%emt 0:00:07]} Bc3 {[%emt 0:00:42]} 37. Bc2 {[%emt 0:00:52]} d5 {[%emt 0:01:07]} 38. Bc7 {[%emt 0:00:10]} Bd4+ {[%emt 0:00:55]} 39. Kg3 {[%emt 0:00:16]} Be3 {[%emt 0:00:18]} 40. f4 {[%emt 0:00:25]} d4 {[%emt 0:00:03]} 41. Kf3 {[%emt 0:01:23]} Be6 {[%emt 0:00:01]} 42. Be5 {[%emt 0:00:44]} Bg4+ {[%emt 0:00:07]} 43. Kg3 {[%emt 0:00:10]} Be2 {[%emt 0:00:02]} 44. Bb3+ {[%emt 0:00:29]} Kf8 {[%emt 0:00:31]} 45. f5 {[%emt 0:00:10]} gxf5 {[%emt 0:00:17]} 46. g6 {[%emt 0:00:01]} Bh6 {[%emt 0:00:18]} 47. Bxd4 {[%emt 0:00:20]} f4+ {[%emt 0:00:45]} 48. Kf2 {[%emt 0:00:11]} Bd3 {[%emt 0:00:08]} 49. Bf7 {[%emt 0:00:17]} Be4 {[%emt 0:00:12]} 50. Bc5+ {[%emt 0:00:50]} Kg7 {[%emt 0:00:02]} 51. Bd4+ {[%emt 0:00:01]} Kf8 {[%emt 0:00:01]} 1/2-1/2

[Event "RUS-ch Rapid Men 2018"]
[Site "Sochi"]
[Date "2018.10.06"]
[Round "10"]
[White "Tsoi, Dmitry"]
[Black "Lugovskoy, Maxim"]
[Result "0-1"]
[WhiteElo "2429"]
[BlackElo "2428"]
[Annotator "NA"]
[PlyCount "82"]
[EventDate "2018.10.05"]
[EventType "swiss"]
[EventCountry "RUS"]
[SourceTitle "playchess.com"]
[Source "ChessBase"]
[SourceQuality "1"]
[TimeControl "900+10"]

1. c4 {[%emt 0:00:00]} e6 {[%emt 0:00:00]} 2. Nf3 {[%emt 0:00:00]} d5 {[%emt 0:00:00]} 3. e3 {[%emt 0:00:00]} Nf6 {[%emt 0:00:03]} 4. b3 {[%emt 0:00:00]} c5 {[%emt 0:00:02]} 5. Bb2 {[%emt 0:00:00]} Nc6 {[%emt 0:00:01]} 6. g3 {[%emt 0:00:21]} d4 {[%emt 0:00:06]} 7. exd4 {[%emt 0:00:06]} cxd4 {[%emt 0:00:01]} 8. Bg2 {[%emt 0:00:02]} Be7 {[%emt 0:00:04]} 9. O-O {[%emt 0:00:03]} O-O {[%emt 0:00:02]} 10. Re1 {[%emt 0:00:04]} Re8 {[%emt 0:00:08]} 11. d3 {[%emt 0:00:30]} Bf8 {[%emt 0:00:13]} 12. Ne5 {[%emt 0:00:42]} Nxe5 {[%emt 0:00:06]} 13. Rxe5 {[%emt 0:00:02]} Bd6 {[%emt 0:00:15]} 14. Re1 {[%emt 0:01:44]} e5 {[%emt 0:00:01]} 15. Na3 {[%emt 0:00:36]} Bg4 {[%emt 0:03:35]} 16. Qd2 {[%emt 0:00:17]} a5 {[%emt 0:00:32]} 17. Nc2 {[%emt 0:00:02]} Qd7 {[%emt 0:00:02]} 18. a3 {[%emt 0:00:07]} b5 {[%emt 0:01:13]} 19. b4 {[%emt 0:00:54]} bxc4 {[%emt 0:00:13]} 20. dxc4 {[%emt 0:00:02]} Rab8 {[%emt 0:00:49]} 21. Rab1 {[%emt 0:04:36]} axb4 {[%emt 0:00:07]} 22. axb4 {[%emt 0:00:01]} Qf5 {[%emt 0:00:28]} 23. c5 {[%emt 0:00:19]} Bf8 {[%emt 0:00:09]} 24. Bxd4 {[%emt 0:02:46]} Rbd8 {[%emt 0:01:33]} 25. c6 {[%emt 0:01:04]} exd4 {[%emt 0:01:30]} 26. Rxe8 {[%emt 0:00:13]} Rxe8 {[%emt 0:00:28]} 27. Na3 {[%emt 0:01:02]} d3 {[%emt 0:01:41]} 28. Nc4 {[%emt 0:01:29]} Re2 {[%emt 0:00:08]} 29. Qf4 {[%emt 0:00:01]} Qxf4 {[%emt 0:00:26]} 30. gxf4 {[%emt 0:00:01]} d2 {[%emt 0:00:44]} 31. Nxd2 {[%emt 0:00:02]} Rxd2 {[%emt 0:00:03]} 32. b5 {[%emt 0:00:17]} Bc5 {[%emt 0:00:08]} 33. b6 {[%emt 0:00:02]} Bxf2+ {[%emt 0:00:30]} 34. Kf1 {[%emt 0:00:14]} Bxb6 {[%emt 0:00:55]} 35. Rxb6 {[%emt 0:00:03]} h5 {[%emt 0:00:16]} 36. c7 {[%emt 0:01:48]} Rc2 {[%emt 0:00:04]} 37. Bc6 {[%emt 0:00:02]} Kh7 {[%emt 0:00:09]} 38. Ke1 {[%emt 0:00:09]} h4 {[%emt 0:00:22]} 39. h3 {[%emt 0:00:06]} Bxh3 {[%emt 0:00:08]} 40. Kd1 {[%emt 0:00:01]} Rc5 {[%emt 0:00:05]} 41. Kd2 {[%emt 0:00:05]} Bd7 {[%emt 0:00:13]} 0-1

[Event "RUS-ch Rapid Men 2018"]
[Site "Sochi"]
[Date "2018.10.06"]
[Round "10"]
[White "Malakhov, Igor"]
[Black "Panarin, Mikhail"]
[Result "1-0"]
[WhiteElo "2423"]
[BlackElo "2562"]
[Annotator "ChessBase"]
[PlyCount "92"]
[EventDate "2018.10.05"]
[EventType "swiss"]
[EventCountry "RUS"]
[SourceTitle "playchess.com"]
[Source "ChessBase"]
[SourceQuality "1"]
[TimeControl "900+10"]

1. e4 {[%emt 0:00:00]} c5 {[%emt 0:00:00]} 2. Nf3 {[%emt 0:00:00]} e6 {[%emt 0:00:00]} 3. d4 {[%emt 0:00:00]} cxd4 {[%emt 0:00:00]} 4. Nxd4 {[%emt 0:00:00]} Nc6 {[%emt 0:00:00]} 5. Nc3 {[%emt 0:00:00]} Qc7 {[%emt 0:00:00]} 6. Nxc6 {[%emt 0:00:24]} Qxc6 {[%emt 0:00:07]} 7. Bd3 {[%emt 0:00:15]} a6 {[%emt 0:00:02]} 8. O-O {[%emt 0:00:03]} b5 {[%emt 0:00:07]} 9. e5 {[%emt 0:00:29]} Bb7 {[%emt 0:00:01]} 10. Be4 {[%emt 0:00:01]} Qc7 {[%emt 0:00:02]} 11. Qf3 {[%emt 0:00:23]} Rb8 {[%emt 0:02:32]} 12. Bxb7 {[%emt 0:01:02]} Rxb7 {[%emt 0:00:18]} 13. Bf4 {[%emt 0:00:04]} Ne7 {[%emt 0:00:04]} 14. h4 {[%emt 0:01:18]} h5 {[%emt 0:03:09]} 15. Ne4 {[%emt 0:00:50]} Nf5 {[%emt 0:00:03]} 16. g3 {[%emt 0:00:13]} Nd4 {[%emt 0:01:02]} 17. Qd1 {[%emt 0:01:03]} Nc6 {[%emt 0:00:17]} 18. Nd6+ {[%emt 0:01:27]} Bxd6 {[%emt 0:00:02]} 19. exd6 {[%emt 0:00:01]} Qd8 {[%emt 0:00:08]} 20. Bg5 {[%emt 0:00:28]} f6 {[%emt 0:00:01]} 21. Be3 {[%emt 0:00:01]} Kf7 {[%emt 0:00:02]} 22. c3 {[%emt 0:00:08]} Qg8 {[%emt 0:00:08]} 23. b4 {[%emt 0:00:11]} Qh7 {[%emt 0:00:09]} 24. a4 {[%emt 0:00:02]} Rc8 {[%emt 0:00:24]} 25. axb5 {[%emt 0:00:06]} axb5 {[%emt 0:00:01]} 26. Qf3 {[%emt 0:00:18]} Qf5 {[%emt 0:02:29]} 27. Qxf5 {[%emt 0:00:01]} exf5 {[%emt 0:00:01]} 28. f4 {[%emt 0:00:01]} Nd8 {[%emt 0:00:08]} 29. Ra3 {[%emt 0:00:10]} Rc4 {[%emt 0:01:21]} 30. Rd1 {[%emt 0:00:05]} Rb8 {[%emt 0:01:09]} 31. Kf2 {[%emt 0:00:31]} Rbc8 {[%emt 0:00:53]} 32. Rd3 {[%emt 0:00:08]} Ke6 {[%emt 0:00:29]} 33. Bd4 {[%emt 0:00:58]} Nb7 {[%emt 0:02:04]} 34. Re3+ {[%emt 0:00:11]} Kxd6 {[%emt 0:00:02]} 35. Ra7 {[%emt 0:00:05]} Kc7 {[%emt 0:00:53]} 36. Re7 {[%emt 0:00:04]} Rg8 {[%emt 0:00:05]} 37. Ke2 {[%emt 0:01:32]} Rc6 {[%emt 0:00:15]} 38. Kd3 {[%emt 0:00:12]} Kd8 {[%emt 0:00:47]} 39. Rxd7+ {[%emt 0:00:40]} Kxd7 {[%emt 0:00:08]} 40. Rxb7+ {[%emt 0:00:01]} Ke6 {[%emt 0:00:36]} 41. Rxb5 {[%emt 0:00:01]} Ra8 {[%emt 0:00:00]} 42. Rb7 {[%emt 0:00:05]} g6 {[%emt 0:00:21]} 43. Rg7 {[%emt 0:00:37]} Ra2 {[%emt 0:00:01]} 44. Bc5 {[%emt 0:00:01]} Rxc5 {[%emt 0:01:07]} 45. bxc5 {[%emt 0:00:01]} Rg2 {[%emt 0:00:01]} 46. c6 {[%emt 0:00:12]} Kd5 {Ke4+} 1-0

[Event "RUS-ch Rapid Men 2018"]
[Site "Sochi"]
[Date "2018.10.06"]
[Round "10"]
[White "Vastrukhin, Oleg"]
[Black "Artamonov, Valery"]
[Result "1-0"]
[WhiteElo "2413"]
[BlackElo "2218"]
[Annotator "TA"]
[PlyCount "75"]
[EventDate "2018.10.05"]
[EventType "swiss"]
[EventCountry "RUS"]
[SourceTitle "playchess.com"]
[Source "ChessBase"]
[SourceQuality "1"]

{[%evp 15,75,28,27,10,18,19,25,17,46,36,43,29,38,47,94,102,127,81,73,71,87,60,72,75,89,7,418,139,530,527,513,497,509,508,653,688,936,919,916,918,862,682,653,337,337,337,397,387,370,386,372,364,389,374,443,432,1362,1305,29980,29981,29997,29998]} 1. g3 Nf6 2. Bg2 c5 3. c4 Nc6 4. Nc3 g6 5. e3 e5 6. Nge2 Bg7 7. O-O O-O 8. d3 {A36: Symmetrical English vs ...g6: 4 Bg2 Bg7} d6 {LiveBook: 11 Games} 9. b3 (9. a3 Be6 10. Nd5 Qd7 11. Nec3 Bh3 12. Nxf6+ Bxf6 13. Rb1 Bg7 14. Bxh3 Qxh3 15. Qf3 Qd7 16. b4 cxb4 17. axb4 {1-0 (32) Alvarado Diaz,A (2441)-Merario Alarcon,A (2262) Linares 2016}) 9... a6 10. Bb2 {The position is equal.} Rb8 11. Qd2 Ne8 $146 ({Predecessor:} 11... Qc7 12. Rfd1 Bf5 13. a3 Rfe8 14. Nd5 Nxd5 15. cxd5 Ne7 16. Rdc1 {0-1 (31) Mokrzanowski,A (2094)-Kania,W (1978) Poland 2008}) 12. Nd5 b5 13. Rad1 Nc7 14. f4 bxc4 15. dxc4 Bg4 16. h3 Bxe2 17. Qxe2 {Threatens to win with Nc3.} Nxd5 18. Bxd5 Nb4 19. fxe5 Qg5 20. Qf3 (20. Bg2 $16) 20... Nxa2 $2 {[%mdl 8192] [#]} (20... Bxe5 $11 21. Bxe5 (21. Bxf7+ Kg7 $11) 21... Qxe5) 21. h4 $2 (21. Bxf7+ $18 {is the precise move to win.} Kh8 22. h4 (22. Rxd6 Rxf7 23. Qxf7 Qxg3+ 24. Kh1 Rf8 $11)) 21... Qh6 $2 {[%mdl 8192]} (21... Qf5 $16 {is tougher.}) 22. Bxf7+ $18 Kh8 23. Rxd6 Rxb3 24. e6 Bxb2 25. e7 {[#] Strongly threatening Qf4.} Rxe3 26. exf8=Q+ Qxf8 27. Qxe3 {Threatening mate with Bxg6.} Qxd6 28. Kg2 {Qe8+ would kill now.} Qe5 29. Qxe5+ Bxe5 {[%mdl 4096] Endgame KRB-KBN} 30. g4 Kg7 31. Be6 h6 32. Rf7+ Kh8 33. Kf3 Nb4 34. Ke4 Bg7 35. Ra7 Bf6 (35... Bc3 $142 36. Rc7 Be1) 36. h5 gxh5 37. Kf5 Bd8 38. Kg6 {Precision: White = 56%, Black = 22%.} 1-0

[Event "RUS-ch Rapid Men 2018"]
[Site "Sochi"]
[Date "2018.10.06"]
[Round "10"]
[White "Ofitserian, Boris"]
[Black "Triapishko, Alexandr"]
[Result "0-1"]
[WhiteElo "2411"]
[BlackElo "2508"]
[Annotator "ChessBase"]
[PlyCount "50"]
[EventDate "2018.10.05"]
[EventType "swiss"]
[EventCountry "RUS"]
[SourceTitle "playchess.com"]
[Source "ChessBase"]
[SourceQuality "1"]
[TimeControl "900+10"]

1. d4 {[%emt 0:00:00]} Nf6 {[%emt 0:00:10]} 2. Nf3 {[%emt 0:00:00]} g6 {[%emt 0:00:22]} 3. c4 {[%emt 0:00:05]} Bg7 {[%emt 0:00:03]} 4. Nc3 {[%emt 0:00:02]} d5 {[%emt 0:00:04]} 5. cxd5 {[%emt 0:02:09]} Nxd5 6. Bd2 O-O {[%emt 0:03:04]} 7. e4 {[%emt 0:00:14]} Nxc3 {[%emt 0:00:03]} 8. Bxc3 {[%emt 0:00:01]} Nd7 {[%emt 0:00:06]} 9. Be2 {[%emt 0:00:42]} Nb6 {[%emt 0:02:38]} 10. a4 {[%emt 0:01:40]} f5 {[%emt 0:01:41]} 11. Qb3+ {[%emt 0:01:37]} e6 {[%emt 0:00:32]} 12. exf5 {[%emt 0:00:46]} Rxf5 {[%emt 0:02:20]} 13. a5 {[%emt 0:01:20]} Nd5 {[%emt 0:00:59]} 14. O-O {[%emt 0:00:07]} b6 {[%emt 0:00:21]} 15. Rfe1 {[%emt 0:01:36]} Bb7 {[%emt 0:00:32]} 16. a6 {[%emt 0:01:37]} Bc6 {[%emt 0:00:22]} 17. Bd2 {[%emt 0:00:11]} Qd6 {[%emt 0:01:26]} 18. Rac1 {[%emt 0:00:57]} Raf8 {[%emt 0:00:14]} 19. Qc4 {[%emt 0:01:12]} Ba8 {[%emt 0:00:31]} 20. Ng5 {[%emt 0:01:36]} Rxf2 {[%emt 0:02:21]} 21. Ne4 {[%emt 0:01:34]} Bxd4 {[%emt 0:00:11]} 22. Kh1 {[%emt 0:00:40]} Ne3 {[%emt 0:00:14]} 23. Bxe3 {[%emt 0:00:25]} Bxe3 {[%emt 0:00:12]} 24. Rcd1 {[%emt 0:00:15]} Bxe4 {[%emt 0:00:19]} 25. Qxe4 {[%emt 0:00:04]} Rxe2 {[%emt 0:00:06]} 0-1

[Event "RUS-ch Rapid Men 2018"]
[Site "Sochi"]
[Date "2018.10.06"]
[Round "10"]
[White "Dzhumagaliev, Yan"]
[Black "Derjabin, Ilja"]
[Result "1-0"]
[WhiteElo "2410"]
[BlackElo "2345"]
[Annotator "TA"]
[PlyCount "125"]
[EventDate "2018.10.05"]
[EventType "swiss"]
[EventCountry "RUS"]
[SourceTitle "playchess.com"]
[Source "ChessBase"]
[SourceQuality "1"]

{[%evp 9,125,20,36,12,22,10,36,0,0,-33,-25,-64,-35,-27,-28,-28,-25,-40,-31,-37,-38,-36,-14,-15,29,42,72,80,105,78,145,139,145,141,163,158,167,149,149,158,153,179,152,133,166,166,168,165,170,162,170,108,162,95,139,98,112,117,132,101,165,167,169,162,160,159,170,156,286,287,321,389,404,404,323,333,556,534,562,526,669,656,679,653,666,664,658,650,687,655,622,612,595,553,650,630,967,1178,978,1103,917,690,690,690,1233,1062,2090,1548,29975,29974,29973,29974,29968,29969,29975,29976,6548,5097]} 1. d4 Nf6 2. Nf3 d6 3. g3 Nbd7 4. Bg2 e5 5. O-O Be7 {LiveBook: 69 Games} 6. a4 {A46: 1 d4 Nf6 2 Nf3 e6: Torre, London and Colle Systems} (6. c4 O-O 7. Nc3 c6 8. e4 a6 9. a4 a5 10. h3 Re8 11. Be3 exd4 12. Nxd4 Nc5 13. Qc2 Qb6 14. Rad1 Bf8 15. Rfe1 g6 16. f4 Nfd7 17. Bf2 Qc7 18. Rd2 Nb6 19. b3 Bd7 20. Nf3 Na6 21. Na2 {½-½ (28) Jussupow,A (2602)-Hickl,J (2560) Switzerland 2016}) 6... O-O $146 ({Predecessor:} 6... a5 7. dxe5 dxe5 8. Na3 c6 9. Nc4 Qc7 10. b3 O-O 11. Bb2 e4 12. Ng5 b5 13. axb5 cxb5 14. Nxe4 Nxe4 15. Bxe4 {1-0 (41) Gutman,L (2419)-Rubel,J (2181) Goch 2010}) 7. a5 c6 8. Nc3 {White is slightly better.} e4 9. Nd2 d5 10. Nb3 Re8 11. f3 exf3 12. exf3 h6 13. Be3 Nf8 14. Qd3 Bd6 15. Rfe1 Be6 16. Nc5 Bxc5 17. dxc5 Ng6 18. Bd4 Qd7 19. Ne2 Bf5 (19... Nh7 $142) 20. Qc3 $16 Qd8 21. a6 bxa6 22. Bxf6 Qxf6 23. Qxf6 gxf6 24. Nd4 Rxe1+ 25. Rxe1 Bd7 26. Ra1 Nf8 27. Rxa6 Ne6 28. Nb3 Kf8 29. Bf1 Ke8 30. Ra4 ({White should play} 30. Ra5 $18) 30... Ke7 (30... a5 $16) 31. Rh4 (31. Ra5 $18) 31... Rh8 32. Rb4 Ra8 33. Ba6 Bc8 34. Bd3 Kd7 (34... Bd7 $16) 35. Rh4 a5 {[#] Black wants to play ...a4.} 36. Ra4 $1 ({Don't play} 36. Rxh6 $6 a4 $11) 36... Kc7 37. Kf2 Bd7 38. f4 {[%cal Bf3f4,Bf4f5][%mdl 32]} Bc8 (38... f5 $16 {was necessary.} 39. Ke2 Ra7) 39. f5 $18 Nf8 40. Rxa5 Rxa5 41. Nxa5 {[%mdl 4096] Endgame KBN-KBN} Nd7 42. Nb3 Ne5 $2 (42... Kd8 {might work better.} 43. Be2 Kc7) 43. Nd4 Nd7 44. b4 Ne5 45. h3 Bd7 46. Ke3 Kd8 47. Be2 Ke7 48. Kf4 Be8 49. Ba6 Bd7 50. Bf1 Be8 51. Be2 Bd7 52. Nf3 Nxf3 53. Bxf3 {KB-KB} Be8 54. Be2 Bd7 55. Bd3 Be8 56. Ke3 Bd7 57. Kd4 Be8 {[#]} 58. b5 $1 {[%mdl 512]} cxb5 59. Kxd5 Bd7 60. c3 Bc8 61. c6 Ba6 62. Kc5 Bc8 63. g4 {Precision: White = 67%, Black = 37%.} 1-0

[Event "RUS-ch Rapid Men 2018"]
[Site "Sochi"]
[Date "2018.10.06"]
[Round "10"]
[White "Sergeyev, Alexander"]
[Black "Gutenev, Alexander"]
[Result "0-1"]
[WhiteElo "2397"]
[BlackElo "2456"]
[Annotator "ChessBase"]
[PlyCount "80"]
[EventDate "2018.10.05"]
[EventType "swiss"]
[EventCountry "RUS"]
[SourceTitle "playchess.com"]
[Source "ChessBase"]
[SourceQuality "1"]
[TimeControl "900+10"]

1. d4 {[%emt 0:00:00]} Nf6 {[%emt 0:00:00]} 2. c4 {[%emt 0:00:00]} g6 {[%emt 0:00:00]} 3. Nc3 {[%emt 0:00:00]} d5 {[%emt 0:00:00]} 4. Bg5 {[%emt 0:00:00]} Ne4 {[%emt 0:00:00]} 5. Bh4 {[%emt 0:00:00]} Nxc3 {[%emt 0:00:00]} 6. bxc3 {[%emt 0:00:01]} dxc4 {[%emt 0:00:01]} 7. e3 {[%emt 0:00:01]} Be6 {[%emt 0:00:02]} 8. Ne2 {[%emt 0:00:39]} Bh6 {[%emt 0:00:02]} 9. Qb1 {[%emt 0:02:03]} b6 {[%emt 0:01:19]} 10. Bg3 {[%emt 0:00:53]} Qd5 {[%emt 0:03:21]} 11. e4 {[%emt 0:02:47]} Qa5 {[%emt 0:00:02]} 12. Bxc7 {[%emt 0:00:44]} Na6 {[%emt 0:04:16]} 13. Be5 {[%emt 0:01:49]} f6 {[%emt 0:00:04]} 14. Bg3 {[%emt 0:00:03]} Rd8 {[%emt 0:00:02]} 15. a4 {[%emt 0:01:24]} Nc5 {[%emt 0:01:00]} 16. Qb5+ {[%emt 0:00:43]} Qxb5 {[%emt 0:00:01]} 17. axb5 {[%emt 0:00:02]} Nxe4 {[%emt 0:00:06]} 18. f3 {[%emt 0:00:49]} Bd2+ {[%emt 0:00:23]} 19. Kd1 {[%emt 0:00:01]} Bxc3 {[%emt 0:00:16]} 20. Rxa7 {[%emt 0:00:21]} Nxg3 {[%emt 0:00:07]} 21. hxg3 {[%emt 0:00:02]} Bxd4 {[%emt 0:00:15]} 22. Nxd4 {[%emt 0:00:15]} Rxd4+ {[%emt 0:00:01]} 23. Kc2 {[%emt 0:00:03]} Kf7 {[%emt 0:00:24]} 24. Rb7 {[%emt 0:00:42]} Rd6 {[%emt 0:00:55]} 25. Kc3 {[%emt 0:00:08]} h5 {[%emt 0:00:15]} 26. Rh4 {[%emt 0:00:25]} Rc8 {[%emt 0:00:18]} 27. g4 {[%emt 0:03:43]} Rd1 {[%emt 0:00:17]} 28. gxh5 {[%emt 0:01:05]} Rxf1 {[%emt 0:00:42]} 29. hxg6+ {[%emt 0:00:04]} Kxg6 {[%emt 0:00:03]} 30. Rxe7 {[%emt 0:00:06]} Re1 {[%emt 0:01:56]} 31. Reh7 {[%emt 0:00:53]} Bg8 {[%emt 0:00:30]} 32. R7h6+ {[%emt 0:00:14]} Kg7 {[%emt 0:00:06]} 33. R6h5 {[%emt 0:00:09]} Re3+ {[%emt 0:00:09]} 34. Kd2 {[%emt 0:00:17]} Re5 {[%emt 0:00:58]} 35. Rg4+ {[%emt 0:00:09]} Rg5 {[%emt 0:00:39]} 36. Rhxg5+ {[%emt 0:00:02]} fxg5 {[%emt 0:00:01]} 37. Rxg5+ {[%emt 0:00:16]} Kf6 {[%emt 0:00:01]} 38. Rh5 {[%emt 0:00:07]} c3+ {[%emt 0:00:01]} 39. Kc1 {[%emt 0:00:08]} Bb3 {[%emt 0:00:25]} 40. Rh6+ {[%emt 0:00:16]} Kg5 {[%emt 0:00:03]} 0-1

[Event "RUS-ch Rapid Men 2018"]
[Site "Sochi"]
[Date "2018.10.06"]
[Round "10"]
[White "Gorbatov, Alexej"]
[Black "Oganian, Miran"]
[Result "0-1"]
[WhiteElo "2389"]
[BlackElo "2435"]
[Annotator "TA"]
[PlyCount "98"]
[EventDate "2018.10.05"]
[EventType "swiss"]
[EventCountry "RUS"]
[SourceTitle "playchess.com"]
[Source "ChessBase"]
[SourceQuality "1"]

{[%evp 20,98,38,39,41,34,34,28,25,9,28,31,35,23,62,24,41,5,30,22,49,30,27,15,24,8,24,0,0,-27,-29,-38,-20,-33,-25,-40,-36,-127,-123,-158,-152,-216,-222,-241,-239,-239,-238,-301,-310,-626,-338,-612,-529,-1026,-604,-633,-618,-902,-901,-1558,-1548,-1200,-544,-1106,-980,-1890,-306,-303,-313,-287,-288,-1487,-1345,-1066,-611,-1628,-745,-29991,-29992,-29997,-29998]} 1. e4 c5 2. b3 g6 3. Bb2 Nf6 4. g3 Bg7 5. Bg2 d6 6. Ne2 O-O 7. O-O Nc6 8. d4 cxd4 {A01: Nimzowitsch-Larsen Opening} 9. Nxd4 Bd7 (9... Nxd4 10. Bxd4 Bg4 11. Qd2 Qd7 12. Re1 Rac8 13. a4 a6 14. c4 b5 15. cxb5 axb5 16. a5 {1-0 (32) Granda Zuniga,J (2672)-Bekker Jensen,S (2456) Escaldes 2016}) 10. c4 Nxd4 11. Bxd4 {LiveBook: 8 Games} b5 12. cxb5 Bxb5 13. Re1 Rc8 $146 ({Predecessor:} 13... Qd7 14. e5 dxe5 15. Bxe5 Qxd1 16. Rxd1 Rac8 17. Nc3 {½-½ (17) Bagirov,V (2480)-Uhlmann,W (2460) Grieskirchen 1998}) 14. Qd2 Bc6 15. Nc3 Qa5 16. Rad1 Qa6 17. h3 Rfe8 18. Qb2 Nh5 19. Bxg7 Nxg7 20. Nd5 Qb7 21. h4 Bxd5 22. exd5 Nh5 23. Bh3 Rc5 24. Rd4 Nf6 25. Red1 a5 26. Qd2 Qc7 27. Qf4 Rb8 {[%cal Be8b8,Bb8b4,Bb4e4,Be4e5][%mdl 32]} 28. R4d2 {[#]} (28. Bf1 $15) 28... Rb4 $1 $17 {[%cal Rb4f4]} 29. Qh6 Re4 30. Kg2 (30. Rb2 $17) 30... Re5 $19 31. Qf4 Nxd5 32. Qf3 {[%cal Rd2d5]} Nf6 33. Qa8+ Kg7 34. g4 $2 (34. Qa6) 34... Rc3 35. Rd4 $2 (35. g5 Ne4 36. Re2 Nxg5 37. Rxe5 Nxh3 38. Re3 Rxe3 39. fxe3 Qc2+ 40. Kxh3 Qxd1 41. Qg2) 35... h6 {[%cal Bh7h6,Bh6g5][%mdl 32]} 36. Rf4 g5 37. hxg5 hxg5 38. Rfd4 d5 39. R1d3 Rxd3 40. Rxd3 Re4 (40... Re2 $142 {( -> ...Ne4)} 41. Rf3 Rxa2) 41. Rf3 Re2 42. Rf5 Re5 $2 (42... Ne4 43. Kg1 e6) 43. Rxe5 Qxe5 44. Qxa5 {[#]} Qe4+ $1 45. f3 $2 (45. Kh2) 45... Qe2+ 46. Kg3 e5 47. Qc7 Qe3 (47... e4 $142 48. Qc1 Qxf3+ 49. Kh2 e3) 48. Bg2 Nxg4 49. Bh3 Qf4+ {Precision: White = 20%, Black = 52%.} 0-1